Diccionario Manual Griego-Español.

Shranjeno v:
Bibliografske podrobnosti
Glavni avtor: Pabón Suárez de Urbina, José Manuel (autor)
Format: Knjiga
Jezik:španščina
grščina
Izdano: Barcelona, España: Vox, 1993.
Izdaja:Decimoséptima edición.
Teme:
Oznake: Označite
Brez oznak, prvi označite!

MARC

LEADER 00000nam a2200000 a 4500
001 UCK2870
003 CL-VaPUC
005 20230105103000.0
008 220630t1993 ||||| |||| 00| 0 eng d
999 |c 436552  |d 436550 
020 |a 8471539624 
040 |c Pontificia Universidad Católica de Valparaíso 
041 0 7 |a spa  |2 CL-VaPUC 
041 0 7 |a gre  |2 CL-VaPUC 
082 0 4 |a 483.61 PAB 1993  |2 21 
100 |a Pabón Suárez de Urbina, José Manuel  |e autor  |9 597964 
245 1 0 |a Diccionario Manual Griego-Español. 
250 |a Decimoséptima edición. 
260 |a Barcelona, España:  |b Vox,  |c 1993. 
300 |a 711 páginas. 
500 |a c.1 Donación Familia Prof. Alejandro Guzmán Brito. Incluye: Apéndice gramatical 
583 |a last modification  |c 20050324 00:00:00  |k Catalogador Asistente 
650 7 |a Griego  |2 CL-VaPUC  |9 317586 
650 0 |a Español  |9 255372 
650 0 |a Diccionarios  |9 256200 
650 0 |a Glosarios  |9 261047 
942 |c BK  |2 ddc  |n 0 
952 |0 0  |1 0  |2 ddc  |4 0  |6 483_610000000000000_PAB_1993  |7 0  |8 C_AGB  |9 584229  |a BIBDER  |b BIBDER  |d 2022-06-30  |e Donación  |i 5652382  |o 483.61 PAB 1993  |p 5652382  |r 2023-01-25  |t 1  |w 2022-06-30  |y BK_US  |k AGB